Strategic Human Resource Management / (Record no. 137)
[ view plain ]
| 000 -LEADER | |
|---|---|
| fixed length control field | 00658nam a22002177a 4500 |
| 003 - CONTROL NUMBER IDENTIFIER | |
| control field | BD-DhUIB |
| 005 - DATE AND TIME OF LATEST TRANSACTION | |
| control field | 20210601112403.0 |
| 008 - FIXED-LENGTH DATA ELEMENTS--GENERAL INFORMATION | |
| fixed length control field | 210401b ||||| |||| 00| 0 eng d |
| 020 ## - INTERNATIONAL STANDARD BOOK NUMBER | |
| International Standard Book Number | 0030965438 |
| 040 ## - CATALOGING SOURCE | |
| Original cataloging agency | BD-DhUIB |
| Transcribing agency | BD-DhUIB |
| 082 ## - DEWEY DECIMAL CLASSIFICATION NUMBER | |
| Edition number | 22 |
| Classification number | 658.3 |
| 100 ## - MAIN ENTRY--PERSONAL NAME | |
| Personal name | Anthony, Willam P. |
| 9 (RLIN) | 264 |
| 245 ## - TITLE STATEMENT | |
| Title | Strategic Human Resource Management / |
| Statement of responsibility, etc. | by Willam P. Anthony , Pamela L. Perrewe and K. Michele Kacmar. |
| 260 ## - PUBLICATION, DISTRIBUTION, ETC. | |
| Place of publication, distribution, etc. | New York : |
| Name of publisher, distributor, etc. | The Dryden, |
| Date of publication, distribution, etc. | C 1993. |
| 300 ## - PHYSICAL DESCRIPTION | |
| Extent | xix, 791p. |
| Other physical details | ill. ; |
| Dimensions | 25 cm. |
| 526 ## - STUDY PROGRAM INFORMATION NOTE | |
| Program name | BBA. |
| 650 ## - SUBJECT ADDED ENTRY--TOPICAL TERM | |
| Topical term or geographic name entry element | Human Management |
| 9 (RLIN) | 265 |
| 700 ## - ADDED ENTRY--PERSONAL NAME | |
| Personal name | Perrewe, Pamela L. |
| 9 (RLIN) | 266 |
| 700 ## - ADDED ENTRY--PERSONAL NAME | |
| Personal name | Kacmar, K. Michele. |
| 9 (RLIN) | 437 |
| 942 ## - ADDED ENTRY ELEMENTS (KOHA) | |
| Source of classification or shelving scheme | Dewey Decimal Classification |
| Koha item type | Books |
| Withdrawn status | Lost status | Source of classification or shelving scheme | Damaged status | Not for loan | Collection code | Home library | Current library | Shelving location | Date acquired | Full call number | Barcode | Date last seen | Price effective from | Koha item type |
|---|---|---|---|---|---|---|---|---|---|---|---|---|---|---|
| Dewey Decimal Classification | Fiction | IBA Library | IBA Library | General Stacks | 10/28/2013 | 658.3 An628s | 00050354 | 04/01/2021 | 04/01/2021 | Books |
